00771nas a2200229Ia 4500001001100000003000900011008004100020040001300061040001300074041001300087100004700100210001900147222001900166245009500185250001100280260003500291501008600326300001700412362003500429500004100464650003600505R039/44332IT-RoPAU151124c99999999xx |||||||||||| ||und|| aIT-RoPAU cIT-RoPAU aITALIANO aTurroni GiuseppegCodice Aut. SPICS: 294 aVIETATO FUMARE aVietato Fumare aVIETATO FUMARE, ANNO 2-N.2 (FEBBRAIO 1985)bGerard Depardieu Cosi' Moderno, Cosi' Francese a1a ed. aMILANObDO-SOUL EDIZIONIc1985 bPaulus - SPICS - Società San Paolo EM (non-commercial uses only)cCopyright2015 a2 p. [66-67] aANNO 002, N.02 (FEBBRAIO 1985) aRitratto del Grande Attore Francese. aCINEMAvPUBBLICAZIONE PERIODICA